000 01047nam a22003497a 4500
001 BR7705477
003 BR-BrBNA
005 20230928085444.0
007 ta
008 230509b bl.||||| |||| 00| 0 por d
040 _aBR-BrBNA
_bpor
_cBiblioteca Nacional de Agricultura
041 _a(Por)
072 _aE10; P05
_b8961
_b0230
_b1540
_b/G514
090 _ 8961 BR7705477
110 1 _aComissao Estadual de Planejamento Agricola, Cuiaba, MT (Brasil)
_92045
245 1 _aSubsidios para implantacao de uma unidade industrial para producao de Alcool Anidro no municipio de Pocone - Estado de Mato Grosso [Brasil]
260 3 _aCuiaba, MT (Brasil):
_c1977.
300 _a32 p.
500 _a13 illus.
650 _aZONEAMENTO ECOLOGICO
650 _aSOLO
650 _aCLIMA
650 _aALCOOL
650 _aCANA DE ACUCAR
650 _aMANDIOCA
650 _aESTRUTURA AGRARIA
650 _aENERGIA
650 _aDESENVOLVIMENTO ECONOMICO
650 _aMATO GROSSO
909 _a202309
_bLucia
_c55
_dLucia Elande
942 _cBK
999 _c24516
_d24516